Представление документа в формате RUSMARC

ПолеНазваниеЗначение
  Тип записи a
  Библиографический уровень m
001 Контрольный номер UONB/MAIN/129bb4ec50a4480c8dea919a65538f2e
005 Дата корректировки 20250520124839.3
010 Индекс ISBN __
b Уточнения в пер.
d Цена 3 р. 1 к.
9 Тираж 4040 экз.
100 Данные общей обработки __
a Данные общей обработки 20230622 1965 u y0rusy0189## ca
101 Язык документа 1_
a Язык текста eng
102 Страна публикации __
a Страна публикации RU
105 Кодированные данные (монография) __
a Кодированные данные (монография) a z 001yy
200 Заглавие и сведения об ответственности 1_
a Заглавие Рентгеновская металлография
f Первые сведения об ответственности А. Тейлор
g Последующие сведения об ответственности пер. с англ. В.Г. Лютцау и др.
g Последующие сведения об ответственности под ред. проф. Б.Я. Пинеса
203 Вид содержания и тип средства __
a Вид содержания Текст
b Характеристика содержания визуальный
c Тип средства непосредственный
210 Выходные данные 1_
a Место издания Москва
c Издательство Металлургия
d Дата издания 1965
215 Физическое описание __
a Объем 663 с.
c Иллюстрации/тип воспроизводства ил., с илл.
d Формат 22 см
300 Общие примечания __
a Общие примечания На обороте тит. л.: A/ Taylor. X-Ray metallography
320 Библиография __
a Библиография Библиогр. в конце гл.
606 Тематические рубрики 0_
a Основная рубрика Металлы
x Основная подрубрика Рентгенография
610 Ключевые слова 0_
a Ключевые слова металлы
610 Ключевые слова 0_
a Ключевые слова рентгенография
675 Индекс УДК __
a Индекс УДК 6П3.4-060.3
686 Индексы других классификаций __
a Классификационный индекс 34
2 Код системы rubbk
700 Автор _1
a Фамилия Тейлор
b Имя (инициалы) А.
702 Вторичная интеллектуальная ответственность _1
a Фамилия Пинес
b Имя (инициалы) Б.Я.
g Полное личное имя Борис Яковлевич
4 Код отношения 340
702 Вторичная интеллектуальная ответственность _1
a Фамилия Лютцау
b Имя (инициалы) В.Г.
4 Код отношения 730
801 Источник записи _0
a Страна RU
b Организация Ульяновская ОНБ
c Дата составления 20230622
g Правила каталогизации RCR
801 Источник записи _1
a Страна RU
b Организация Ульяновская ОНБ
c Дата составления 20230622
g Правила каталогизации RCR
901 Тип документа __
t Тип документа m
909 Создатель записи __
a Создатель записи Аверьянова
b Дата создания записи 20230622